| 000 | 00397nam a2200145 i 4500 | ||
|---|---|---|---|
| 001 | 55212 | ||
| 003 | ES-MaACL | ||
| 007 | t| | ||
| 008 | 030916s1922 fr ||||1| fre d | ||
| 100 | 1 |
_aDelvolve, Jean. _943607 |
|
| 245 | 1 | 3 |
_aLa technique educative / _cpar Jean Delvolvé. |
| 260 |
_aParis : _b[s.n.], _c1922 ( _eTours : _fE. Arrault) |
||
| 300 |
_a319 p. ; _c22 cm. |
||
| 852 |
_aES-MaACL _jB-6341 |
||
| 999 |
_c55212 _d55212 |
||